000 00393nam a2200157Ia 4500
005 20250507125804.0
008 008 250505s9999 xx 000 0 kor d
037 _aAudio
040 _aEASL
_beng
_cEASL
041 _akor
_2eng
084 _aCD00140
_qEASL
245 0 _aHanguke el = Sprit of Korea
650 _aKorean
942 _cAUD
_hCD00140
999 _c1313133
_d1313133